[Event "14. Sparkassen Open 2015 - Gruppe B"]
[Site "Forchheim"]
[Date "2015.10.02"]
[Round "1.28"]
[White "Scheuerer, Werner"]
[Black "Schulz, Horst"]
[Result "1-0"]
[WhiteElo "1865"]
[BlackElo "1717"]
[PlyCount "133"]
[EventDate "2015.??.??"]
[WhiteTeam "SC Garching"]
[BlackTeam "SC Höchstadt/Aisch"]

1. f4 d5 2. Nf3 Nf6 3. g3 Bf5 4. Bg2 e6 5. b3 Nc6 6. Bb2 Bc5 7. d4 Bb4+ 8. c3
Ba5 9. a4 Bb6 10. Ne5 Nxe5 11. fxe5 Ne4 12. a5 Bc5 13. dxc5 Nxc5 14. O-O O-O
15. Nd2 c6 16. Ba3 b6 17. Bxc5 bxc5 18. c4 Bg6 19. Qc1 Rc8 20. Nf3 h6 21. Rd1
Qc7 22. cxd5 cxd5 23. Qb2 Qb8 24. Qc3 Rfd8 25. Ra4 Rc7 26. Nd2 Rdc8 27. e4 d4
28. Qc2 Rb7 29. Rc4 Qxe5 30. Rc1 Rb5 31. b4 Qg5 32. Qd3 h5 33. Nf3 Qh6 34. bxc5
Qe3+ 35. Qxe3 dxe3 36. Ne1 Rxa5 37. Kf1 e5 38. Ke2 Ra2+ 39. Kxe3 f6 40. c6 Rc7
41. R1c2 Ra6 42. Bh3 Bf7 43. R4c3 g5 44. Bd7 Ra4 45. Nd3 Kf8 46. Nc5 Ra1 47.
Ne6+ Bxe6 48. Bxe6 a5 49. Rb3 Ke7 50. Bd7 a4 51. Rb7 Kd8 52. Rb8+ Ke7 53. Ra8
a3 54. Kd3 Kd6 55. Kc3 Re1 56. Ra4 Re3+ 57. Kd2 Rb3 58. Ra2 Rf3 59. R4xa3 Rf1
60. Ra7 Rh1 61. Rxc7 Rxh2+ 62. Kc3 Rxa2 63. Rb7 Ra5 64. Kc4 Ra3 65. Be8 Rxg3
66. c7 Rg1 67. c8=Q 1-0

[Event "14. Sparkassen Open 2015 - Gruppe B"]
[Site "Forchheim"]
[Date "2015.10.02"]
[Round "1.29"]
[White "Großner, Josef"]
[Black "Weißmann, Peter"]
[Result "1/2-1/2"]
[WhiteElo "1902"]
[BlackElo "1795"]
[PlyCount "92"]
[EventDate "2015.??.??"]
[WhiteTeam "SF Fürth"]
[BlackTeam "SK Zirndorf"]

1. d4 Nf6 2. c4 e6 3. Nc3 Bb4 4. e3 O-O 5. Nf3 b6 6. a3 Bxc3+ 7. bxc3 Bb7 8.
Bd3 d5 9. cxd5 exd5 10. O-O Nbd7 11. a4 Ne4 12. Qc2 c5 13. Bb2 c4 14. Be2 f5
15. g3 Qf6 16. Ba3 Rf7 17. Rab1 a6 18. Nh4 Qh6 19. Ng2 Re8 20. Nf4 g5 21. Ng2
Re6 22. h4 gxh4 23. Nxh4 Qg5 24. Kg2 Rg7 25. Nf3 Qg6 26. Rg1 Bc6 27. Rbc1 b5
28. axb5 Bxb5 29. Bb4 Qf6 30. Kf1 Qf7 31. Nh4 Rg5 32. Bf3 Ndf6 33. Ng2 Re8 34.
Nf4 Ng4 35. Bxg4 fxg4 36. Rh1 Bd7 37. Rh4 Bf5 38. Qa2 Nxg3+ 39. fxg3 Rxe3 40.
Kg2 Qe8 41. Rf1 Be4+ 42. Kh2 Bf3 43. Rf2 Re1 44. Rxf3 gxf3 45. Qf2 Re3 46. Rh6
Kg7 1/2-1/2

[Event "14. Sparkassen Open 2015 - Gruppe B"]
[Site "Forchheim"]
[Date "2015.10.02"]
[Round "1.30"]
[White "Babichev, Vyacheslav"]
[Black "Braun, Kristin"]
[Result "1/2-1/2"]
[WhiteElo "1825"]
[BlackElo "1735"]
[PlyCount "120"]
[EventDate "2015.??.??"]
[WhiteTeam "SW Nürnberg Süd"]
[BlackTeam "SC Forchheim"]

1. b3 e5 2. Bb2 d6 3. e3 Nc6 4. Ne2 g6 5. d4 Bg7 6. d5 Nce7 7. c4 f5 8. f4 Nh6
9. h3 O-O 10. Nd2 c6 11. Nf3 cxd5 12. cxd5 Qa5+ 13. Kf2 exf4 14. Bxg7 fxe3+ 15.
Kxe3 Nxd5+ 16. Kf2 Kxg7 17. Qd4+ Kg8 18. Rd1 Qb6 19. Qxb6 Nxb6 20. Rxd6 Nf7 21.
Rd2 Be6 22. Nf4 Bd7 23. a4 a5 24. Be2 g5 25. Nh5 Bc6 26. Nd4 Bd5 27. Nf6+ Kh8
28. Nxd5 Nxd5 29. Ne6 Rfe8 30. Rxd5 Rxe6 31. Rxf5 Nd6 32. Rf3 Ne4+ 33. Ke1 Rae8
34. Kd1 Rd8+ 35. Kc1 Rc6+ 36. Bc4 Nd2 37. Rc3 Nxb3+ 38. Kb2 Nd2 39. Bb5 Rxc3
40. Kxc3 Ne4+ 41. Kb3 Nc5+ 42. Kc2 Kg7 43. Rf1 Rf8 44. Rf3 Rxf3 45. gxf3 Kf6
46. Kd2 Ke5 47. Ke3 Ne6 48. Bd7 Nf4 49. Kf2 Kd4 50. Kg3 Ke3 51. Bc8 b6 52. Kg4
h6 53. Bb7 h5+ 54. Kxg5 Nxh3+ 55. Kxh5 Kf4 56. Kg6 Ng5 57. Kf6 Nxf3 58. Ke6 Nd2
59. Kd5 Ke3 60. Ba6 Nb3 1/2-1/2

[Event "14. Sparkassen Open 2015 - Gruppe B"]
[Site "Forchheim"]
[Date "2015.10.02"]
[Round "1.31"]
[White "Vinogradov, Anatoli"]
[Black "Ammon, Fabian"]
[Result "1/2-1/2"]
[WhiteElo "1812"]
[BlackElo "1692"]
[PlyCount "45"]
[EventDate "2015.??.??"]
[WhiteTeam "SG Siemens Amberg"]
[BlackTeam "SV Altensittenbach"]

1. d4 d5 2. c4 c6 3. e3 Nf6 4. Nc3 Bf5 5. Nf3 e6 6. cxd5 cxd5 7. Bb5+ Nc6 8.
Ne5 Rc8 9. O-O Bd6 10. Nxc6 bxc6 11. Bd3 Bxd3 12. Qxd3 O-O 13. e4 dxe4 14. Nxe4
Nxe4 15. Qxe4 c5 16. dxc5 Bxc5 17. Be3 Qb6 18. Bxc5 Rxc5 19. b4 Rd5 20. Rfd1
Rfd8 21. Rxd5 Rxd5 22. Rc1 g6 23. g3 1/2-1/2

[Event "14. Sparkassen Open 2015 - Gruppe B"]
[Site "Forchheim"]
[Date "2015.10.02"]
[Round "1.32"]
[White "Hohner, Karl-Heinz"]
[Black "Mantel, Hubert"]
[Result "1/2-1/2"]
[WhiteElo "1689"]
[BlackElo "1800"]
[PlyCount "45"]
[EventDate "2015.??.??"]
[WhiteTeam "vereinslos"]
[BlackTeam "Zabo-Eintracht Nürnberg"]

1. e4 e6 2. d4 d5 3. Nc3 Bb4 4. exd5 exd5 5. Qf3 Nf6 6. Bg5 Bxc3+ 7. bxc3 Be6
8. Bd3 Nbd7 9. Ne2 h6 10. Bh4 g5 11. Bg3 O-O 12. h4 Bg4 13. Qe3 Re8 14. Qd2
Bxe2 15. Bxe2 Ne4 16. Qd3 Nxg3 17. Qxg3 Qe7 18. Qf3 Qe4 19. Kd2 Qxf3 20. Bxf3
Nf6 21. hxg5 hxg5 22. g3 g4 23. Bg2 1/2-1/2

[Event "14. Sparkassen Open 2015 - Gruppe B"]
[Site "Forchheim"]
[Date "2015.10.02"]
[Round "1.33"]
[White "Weidenhöfer, Robert"]
[Black "Askri, Samir"]
[Result "0-1"]
[WhiteElo "1724"]
[BlackElo "1859"]
[PlyCount "56"]
[EventDate "2015.??.??"]
[WhiteTeam "SW Nürnberg Süd"]
[BlackTeam "SG Siemens Amberg"]

1. b3 Nf6 2. Bb2 g6 3. f4 Bg7 4. Nf3 O-O 5. e3 d6 6. Bd3 Nbd7 7. O-O Re8 8. Nh4
e5 9. f5 e4 10. Be2 Ne5 11. g4 Nfxg4 12. Nxg6 hxg6 13. Bxg4 Nf3+ 14. Bxf3 Bxb2
15. fxg6 fxg6 16. Bxe4 Rxe4 17. Qf3 Qg5+ 18. Kh1 Bf5 19. Nc3 Bxc3 20. dxc3 Rxe3
21. Qd5+ Kf8 22. Qxb7 Kg7 23. Qxc7+ Re7 24. Rxf5 gxf5 25. Qxd6 Rae8 26. Rg1 Re1
27. Qd7+ Kh6 28. Qc6+ R8e6 0-1

[Event "14. Sparkassen Open 2015 - Gruppe B"]
[Site "Forchheim"]
[Date "2015.10.02"]
[Round "1.34"]
[White "Brückner, Alexander"]
[Black "Seifert, Heinz"]
[Result "1-0"]
[WhiteElo "1793"]
[BlackElo "1598"]
[PlyCount "73"]
[EventDate "2015.??.??"]
[WhiteTeam "SF Augsburg"]
[BlackTeam "SV Lauf"]

1. e4 c5 2. Nc3 Nc6 3. g3 d6 4. Bg2 g6 5. f4 e6 6. Nf3 Bg7 7. d3 Nge7 8. Be3
O-O 9. h3 Nd4 10. Rb1 d5 11. Ne2 Nxf3+ 12. Bxf3 Qa5+ 13. c3 d4 14. Bd2 Qd8 15.
c4 Rb8 16. b4 cxb4 17. Bxb4 a5 18. Bc5 b6 19. e5 Nf5 20. Bxf8 Bxf8 21. Kf2 Bc5
22. Nc1 Ne3 23. Qb3 Bd7 24. a4 Qe8 25. Ra1 Qf8 26. Qa2 Qh6 27. Nb3 Qf8 28. Rhb1
Rc8 29. Nxc5 Qxc5 30. Rb2 Bc6 31. Qa3 Qxa3 32. Rxa3 Bxf3 33. Kxf3 Rb8 34. Rab3
Nd1 35. Rxb6 Rxb6 36. Rxb6 Nc3 37. Ra6 1-0

[Event "14. Sparkassen Open 2015 - Gruppe B"]
[Site "Forchheim"]
[Date "2015.10.02"]
[Round "1.35"]
[White "Gajewski, Richard"]
[Black "Morschel, Steffen"]
[Result "0-1"]
[WhiteElo "1718"]
[BlackElo "1686"]
[PlyCount "70"]
[EventDate "2015.??.??"]
[WhiteTeam "Wolframs-Eschenbach"]
[BlackTeam "SK Sülz-Klettenberg"]

1. c4 Nf6 2. Nc3 e6 3. d3 d5 4. b3 Nc6 5. g3 b6 6. Bg2 Bb7 7. Bg5 Bb4 8. Qd2 d4
9. Rc1 Bxc3 10. Rxc3 dxc3 11. Qxc3 Qe7 12. h4 O-O-O 13. Bd2 e5 14. f3 Qc5 15.
e3 Qd6 16. Bh3+ Kb8 17. Ke2 Nh5 18. Be1 g6 19. g4 Ng7 20. b4 f5 21. Bg2 Ne6 22.
Nh3 Nxb4 23. Qxb4 Qxd3+ 24. Kf2 fxg4 25. Ng1 Rhf8 26. a4 e4 27. Bf1 Qc2+ 28.
Kg3 exf3 29. Bf2 h5 30. a5 Qf5 31. Qb5 Nc5 32. Kh2 Rd2 33. Nh3 Rxf2+ 34. Nxf2
Qe5+ 35. Kg1 Qg3+ 0-1

[Event "14. Sparkassen Open 2015 - Gruppe B"]
[Site "Forchheim"]
[Date "2015.10.02"]
[Round "1.36"]
[White "Paeslack, Luis"]
[Black "Baumgärtner, Jens"]
[Result "1-0"]
[WhiteElo "1733"]
[BlackElo "1579"]
[PlyCount "102"]
[EventDate "2015.??.??"]
[WhiteTeam "SK Mainaschaff"]
[BlackTeam "SF Forst"]

1. d4 b6 2. e4 Bb7 3. Nc3 e6 4. Bd3 Nc6 5. Nf3 Nb4 6. a3 Nxd3+ 7. Qxd3 Nf6 8.
O-O c5 9. dxc5 Bxc5 10. b4 Be7 11. e5 Nd5 12. Nxd5 Bxd5 13. c4 Bb7 14. Bb2 Qc7
15. Rac1 Ba6 16. b5 Bb7 17. Rfd1 O-O-O 18. Bd4 d6 19. Qe3 Bxf3 20. Qxf3 dxe5
21. Qa8+ Qb8 22. Qxb8+ Kxb8 23. Bxe5+ Kb7 24. Bxg7 Rhg8 25. Bb2 Rg4 26. Rxd8
Bxd8 27. f3 Rf4 28. Kf2 Bf6 29. Bxf6 Rxf6 30. g3 Rf5 31. Rd1 Kc7 32. Rd4 Re5
33. h3 Rg5 34. g4 e5 35. Rd5 f6 36. Ke3 Rg8 37. Ke4 Rg6 38. Kf5 Rh6 39. h4 Rxh4
40. Kxf6 Rh3 41. Rxe5 Rxf3+ 42. Kg7 Rf4 43. g5 Rh4 44. Re6 Rg4 45. Re5 h5 46.
g6 h4 47. Rh5 Kd7 48. Kh7 Ke7 49. g7 Kf7 50. Rf5+ Ke6 51. Rf1 h3 1-0

[Event "14. Sparkassen Open 2015 - Gruppe B"]
[Site "Forchheim"]
[Date "2015.10.02"]
[Round "1.37"]
[White "Lehmann, Tornalf"]
[Black "Walter, Manfred"]
[Result "1/2-1/2"]
[WhiteElo "1671"]
[BlackElo "1757"]
[PlyCount "94"]
[EventDate "2015.??.??"]
[WhiteTeam "SC Heilsbronn"]
[BlackTeam "SV Lauf"]

1. e4 d6 2. d4 Nf6 3. Nc3 e5 4. dxe5 dxe5 5. Qxd8+ Kxd8 6. a3 Be6 7. Bg5 c6 8.
O-O-O+ Kc7 9. f3 Nbd7 10. Nge2 h6 11. Be3 Bc5 12. Bxc5 Nxc5 13. Kb1 a5 14. a4
Rhd8 15. Rxd8 Rxd8 16. Nc1 Nfd7 17. Be2 Nb6 18. b3 f6 19. Rd1 Rxd1 20. Bxd1 Bf7
21. Be2 Kd6 22. Kb2 Ne6 23. Nd3 Nd4 24. Bf1 c5 25. Nc1 c4 26. N3e2 Kc5 27. Kc3
Nc8 28. bxc4 Bxc4 29. Nb3+ Nxb3 30. cxb3 Bxe2 31. Bxe2 Nd6 32. h3 Nf7 33. Bc4
Nd6 34. Bd3 g6 35. h4 Nc8 36. Bb5 Nd6 37. Bd3 b6 38. g3 h5 39. f4 Nf7 40. Bc4
Nd8 41. Bd5 b5 42. axb5 Kxb5 43. fxe5 fxe5 44. Bg8 Nc6 45. Bf7 Ne7 46. Be8+ Kc5
47. Bf7 Kb5 1/2-1/2

[Event "14. Sparkassen Open 2015 - Gruppe B"]
[Site "Forchheim"]
[Date "2015.10.02"]
[Round "1.38"]
[White "Mooser, Nicolas"]
[Black "von Kortzfleisch, Ruben"]
[Result "1-0"]
[WhiteElo "1674"]
[BlackElo "1349"]
[PlyCount "31"]
[EventDate "2015.??.??"]
[WhiteTeam "PSV Dorfen"]
[BlackTeam "SF Bad Mergentheim"]

1. d4 d5 2. Nf3 Nf6 3. g3 Bf5 4. Bg2 e6 5. O-O Nbd7 6. c4 c5 7. cxd5 Nxd5 8.
Re1 N5f6 9. Ne5 Bg6 10. Bg5 Qb6 11. Bxf6 Qxb2 12. Qa4 b5 13. Qa6 Nxf6 14. Qc6+
Ke7 15. Qc7+ Ke8 16. Bc6+ 1-0

[Event "14. Sparkassen Open 2015 - Gruppe B"]
[Site "Forchheim"]
[Date "2015.10.02"]
[Round "1.39"]
[White "Bauschke, Norman"]
[Black "Goda, Frederic"]
[Result "1/2-1/2"]
[WhiteElo "1605"]
[BlackElo "1704"]
[PlyCount "29"]
[EventDate "2015.??.??"]
[WhiteTeam "SC Höchstadt/Aisch"]
[BlackTeam "SC Weiße Dame Ulm"]

1. d4 Nf6 2. c4 e6 3. Nc3 d5 4. Nf3 Be7 5. g3 c6 6. cxd5 exd5 7. Bg2 O-O 8. O-O
Nbd7 9. Re1 Re8 10. e4 dxe4 11. Ng5 Nf8 12. Qb3 Nd5 13. Ngxe4 f5 14. Nxd5 cxd5
15. Nc3 1/2-1/2

[Event "14. Sparkassen Open 2015 - Gruppe B"]
[Site "Forchheim"]
[Date "2015.10.02"]
[Round "1.40"]
[White "Meier, Manfred"]
[Black "Kaltschmidt, Andreas"]
[Result "1-0"]
[WhiteElo "1800"]
[BlackElo "1702"]
[PlyCount "60"]
[EventDate "2015.??.??"]
[WhiteTeam "SV Neustadt/Aisch"]
[BlackTeam "SK Weiden"]

1. e4 e5 2. Nf3 Nf6 3. Nc3 Bb4 4. Bc4 Nc6 5. O-O O-O 6. Re1 d6 7. a3 Bxc3 8.
bxc3 Bg4 9. h3 Bh5 10. d4 Bxf3 11. gxf3 Qd7 12. Kh2 Ne7 13. Rg1 Ng6 14. Bg5 Qe7
15. Qf1 h6 16. Bxh6 d5 17. exd5 exd4 18. Rxg6 Qd6+ 19. Rg3 Nh5 20. Bd2 Nxg3 21.
fxg3 dxc3 22. Bxc3 a5 23. Qd3 Rfe8 24. Qd4 f6 25. Bd2 Kf8 26. Qh4 Qc5 27. Kg2
b5 28. Bd3 Qxd5 29. Re1 Rxe1 30. Bxe1 Ke7 1-0

[Event "14. Sparkassen Open 2015 - Gruppe B"]
[Site "Forchheim"]
[Date "2015.10.02"]
[Round "1.41"]
[White "Weineck, Ekkehard"]
[Black "Roth, Jakob"]
[Result "0-1"]
[WhiteElo "1639"]
[BlackElo "1770"]
[PlyCount "82"]
[EventDate "2015.??.??"]
[WhiteTeam "SV Würzburg"]
[BlackTeam "Spvgg Stetten"]

1. d4 d5 2. c4 c6 3. Nf3 Nf6 4. e3 Bf5 5. Nc3 e6 6. Be2 Bd6 7. O-O O-O 8. Bd2
h6 9. Rc1 Nbd7 10. h3 Rc8 11. a3 a6 12. b4 Re8 13. Re1 Bb8 14. a4 Ne4 15. cxd5
exd5 16. b5 axb5 17. axb5 Ndf6 18. bxc6 bxc6 19. Ba6 Rc7 20. Nxe4 Nxe4 21. Ba5
Qd6 22. Bxc7 Bxc7 23. Bd3 Re6 24. Qa4 Rg6 25. Ne5 Bxh3 26. g3 Qf6 27. Bxe4 dxe4
28. Rxc6 Bd6 29. Nxg6 fxg6 30. Qa6 Qf3 31. Qf1 Bxf1 32. Rxf1 Bxg3 33. fxg3
Qxg3+ 34. Kh1 Qh3+ 35. Kg1 Qxe3+ 36. Kh1 Qxd4 37. Rc8+ Kh7 38. Rff8 g5 39. Rc6
e3 40. Rcc8 e2 41. Rh8+ Kg6 0-1

[Event "14. Sparkassen Open 2015 - Gruppe B"]
[Site "Forchheim"]
[Date "2015.10.02"]
[Round "1.42"]
[White "Gets, Alexej"]
[Black "Maillinger, Michael"]
[Result "1/2-1/2"]
[WhiteElo "1660"]
[BlackElo "1504"]
[PlyCount "89"]
[EventDate "2015.??.??"]
[WhiteTeam "SC Noris-Tarrasch Nürnberg"]
[BlackTeam "PSV Dorfen"]

1. e4 c5 2. d3 d6 3. Nc3 Nc6 4. g3 g6 5. Bg2 Bg7 6. Nge2 e5 7. O-O Nge7 8. Be3
O-O 9. Qd2 Be6 10. Bh6 Qd7 11. Bxg7 Kxg7 12. f4 f5 13. Rf2 Nd4 14. Nxd4 cxd4
15. Nd5 Bxd5 16. exd5 Nc8 17. c4 dxc3 18. Qxc3 Re8 19. Rc1 Nb6 20. Qc7 Rac8 21.
Qxd7+ Nxd7 22. Rfc2 Rc5 23. b4 Rxc2 24. Rxc2 exf4 25. Rc7 Re7 26. gxf4 Kf8 27.
Rxb7 Nb6 28. Rb8+ Re8 29. Rxe8+ Kxe8 30. Kf2 Ke7 31. Ke3 a6 32. Kd4 Kd7 33. Bf3
Kc7 34. Bd1 Nd7 35. a4 Kb6 36. Kc4 a5 37. h3 Nb8 38. d4 Nd7 39. b5 Nf6 40. Bf3
h5 41. Kd3 h4 42. Ke3 Nd7 43. Be2 Nf6 44. Bc4 Nd7 45. Bd3 1/2-1/2

[Event "14. Sparkassen Open 2015 - Gruppe B"]
[Site "Forchheim"]
[Date "2015.10.02"]
[Round "1.43"]
[White "Semenova, Alisa"]
[Black "Bauer, Peter"]
[Result "1/2-1/2"]
[WhiteElo "1646"]
[BlackElo "1656"]
[PlyCount "57"]
[EventDate "2015.??.??"]
[WhiteTeam "SC Noris-Tarrasch Nürnberg"]
[BlackTeam "SGem Fürth"]

1. e4 c6 2. d4 d5 3. Nc3 dxe4 4. Nxe4 Bf5 5. Ng3 Bg6 6. Nf3 Nd7 7. Bc4 e6 8.
Bf4 Ngf6 9. O-O Be7 10. Re1 O-O 11. Qe2 Nd5 12. Bxd5 cxd5 13. Ne5 Nxe5 14. Bxe5
Rc8 15. c3 Bf6 16. Bf4 Bg5 17. Qe3 Bxf4 18. Qxf4 Qc7 19. Qe3 Qb6 20. b3 Qa5 21.
Rec1 b5 22. a4 a6 23. axb5 Qxb5 24. Ra3 Rc6 25. Ne2 h6 26. h3 Rfc8 27. b4 Bd3
28. Nf4 Bh7 29. Qg3 1/2-1/2

[Event "14. Sparkassen Open 2015 - Gruppe B"]
[Site "Forchheim"]
[Date "2015.10.02"]
[Round "1.44"]
[White "Albayrak, Aylin"]
[Black "Dreiseitel, Werner"]
[Result "1/2-1/2"]
[WhiteElo "1654"]
[BlackElo "1568"]
[PlyCount "63"]
[EventDate "2015.??.??"]
[WhiteTeam "Zabo-Eintracht Nürnberg"]
[BlackTeam "SGem Fürth"]

1. d4 d5 2. c4 c6 3. Nc3 Nf6 4. Bf4 e6 5. e3 Nbd7 6. a3 Be7 7. Nf3 O-O 8. Bd3
dxc4 9. Bxc4 b5 10. Bb3 a6 11. O-O Bb7 12. Rc1 c5 13. dxc5 Nxc5 14. Bc2 Qxd1
15. Bxd1 Nd3 16. Rc2 Nxf4 17. exf4 Rac8 18. Ne5 Rfd8 19. Bf3 Bxf3 20. Nxf3 b4
21. axb4 Bxb4 22. h3 Nd5 23. Nxd5 exd5 24. Re2 d4 25. Rd1 d3 26. Re4 a5 27. Kf1
Rc2 28. Rd4 Rxd4 29. Nxd4 Rxb2 30. Rxd3 Rd2 31. Rxd2 Bxd2 32. Nb3 1/2-1/2

[Event "14. Sparkassen Open 2015 - Gruppe B"]
[Site "Forchheim"]
[Date "2015.10.02"]
[Round "1.45"]
[White "Kirchner, Markus"]
[Black "Rummel, Gerald"]
[Result "0-1"]
[WhiteElo "1633"]
[BlackElo "1780"]
[PlyCount "74"]
[EventDate "2015.??.??"]
[WhiteTeam "SF Schöneck"]
[BlackTeam "SC Anderssen"]

1. e4 e6 2. d4 d5 3. e5 c5 4. c3 Nc6 5. Nf3 Bd7 6. a3 c4 7. Nbd2 Na5 8. Rb1 Ne7
9. Be2 Nc8 10. O-O Nb6 11. Re1 Ba4 12. b3 cxb3 13. Bb2 Be7 14. Bd3 Nbc4 15.
Nxc4 Nxc4 16. Bxc4 dxc4 17. Nd2 Qd5 18. Qg4 O-O-O 19. Nf1 Bc6 20. Rbd1 h5 21.
Qh3 g5 22. Ne3 Qb5 23. g3 Bf3 24. Rd2 Qc6 25. Qf1 b5 26. a4 a6 27. axb5 axb5
28. Ra1 Kb7 29. Ng2 Ra8 30. Rxa8 Rxa8 31. Ne1 Be4 32. Qe2 g4 33. Qe3 Ra2 34.
Qf4 Bg6 35. Ng2 Qe4 36. Bc1 Ra1 37. Rd1 b2 0-1

[Event "14. Sparkassen Open 2015 - Gruppe B"]
[Site "Forchheim"]
[Date "2015.10.03"]
[Round "2.1"]
[White "Diller, Daniel"]
[Black "Krasotin, Valentin"]
[Result "1-0"]
[WhiteElo "1895"]
[BlackElo "1777"]
[PlyCount "57"]
[EventDate "2015.??.??"]
[WhiteTeam "SC Erlangen"]
[BlackTeam "SW Nürnberg Süd"]

1. c4 c5 2. g3 e5 3. Bg2 f5 4. e4 Nc6 5. d3 d6 6. Ne2 g6 7. Nbc3 Bg7 8. O-O Nf6
9. Nd5 Nxd5 10. cxd5 Nd4 11. Nxd4 cxd4 12. f4 O-O 13. Qb3 fxe4 14. dxe4 Qa5 15.
fxe5 Rxf1+ 16. Kxf1 dxe5 17. Bg5 Qa6+ 18. Kg1 Bd7 19. d6+ Kh8 20. Be7 Bc6 21.
Qf7 d3 22. Bf6 Bxf6 23. Qxf6+ Kg8 24. Bh3 Qb6+ 25. Kf1 Re8 26. Be6+ Rxe6 27.
Qxe6+ Kf8 28. d7 d2 29. Qf6+ 1-0

[Event "14. Sparkassen Open 2015 - Gruppe B"]
[Site "Forchheim"]
[Date "2015.10.03"]
[Round "2.2"]
[White "Beck, Karl"]
[Black "Kaufmann, Rolf"]
[Result "1-0"]
[WhiteElo "1943"]
[BlackElo "1910"]
[PlyCount "31"]
[EventDate "2015.??.??"]
[WhiteTeam "SC Markt Berolzheim"]
[BlackTeam "SF Hoffenheim"]

1. e4 d5 2. exd5 Nf6 3. d4 Bg4 4. f3 Bf5 5. c4 e6 6. dxe6 Nc6 7. exf7+ Kxf7 8.
Be3 Bb4+ 9. Kf2 Re8 10. Ne2 Rxe3 11. Kxe3 Ng4+ 12. fxg4 Qg5+ 13. Kf2 Re8 14.
Qc1 Be1+ 15. Kg1 Bd2 16. Qxd2 1-0

[Event "14. Sparkassen Open 2015 - Gruppe B"]
[Site "Forchheim"]
[Date "2015.10.03"]
[Round "2.3"]
[White "Schmitz, Tim"]
[Black "Deml, Tilo"]
[Result "0-1"]
[WhiteElo "1796"]
[BlackElo "1890"]
[PlyCount "144"]
[EventDate "2015.??.??"]
[WhiteTeam "SC Sendling"]
[BlackTeam "1.FC Marktleuthen"]

1. e4 e5 2. Nf3 d6 3. d4 Bg4 4. dxe5 Nd7 5. exd6 Bxd6 6. Nc3 Ngf6 7. h3 Bh5 8.
Be2 Qe7 9. Be3 O-O-O 10. O-O Nc5 11. Nd4 Bxe2 12. Qxe2 Nfxe4 13. Nf5 Qe5 14.
Nxd6+ Rxd6 15. Nxe4 Nxe4 16. c3 Re8 17. Bd4 Qg5 18. Be3 Qg6 19. Rad1 Rde6 20.
Qb5 Nd6 21. Qa4 a6 22. Rd4 Qf5 23. Rfd1 Qb5 24. Qxb5 axb5 25. Bf4 Re1+ 26. Kh2
Rxd1 27. Rxd1 Nc4 28. b3 Nb6 29. Kg3 Re2 30. Rd2 Rxd2 31. Bxd2 Kd7 32. Kf3 Ke6
33. Ke4 Nd7 34. Bf4 c6 35. Kd4 h6 36. f3 g5 37. Bd2 f5 38. h4 f4 39. hxg5 hxg5
40. Ke4 Nb6 41. Kd4 Nd5 42. c4 bxc4 43. bxc4 Nf6 44. a4 Nd7 45. a5 c5+ 46. Kc3
Ne5 47. Kb3 Nc6 48. Bc3 Nd4+ 49. Kb2 Nf5 50. Bd2 Nh4 51. Kc2 Nxg2 52. Kd3 Nh4
53. Ke4 Nf5 54. Bc1 Nd4 55. Ba3 Nb3 56. Kd3 Kd6 57. Bb2 Nxa5 58. Bf6 Nc6 59.
Bxg5 Ke5 60. Bh6 Kf5 61. Bf8 Ne5+ 62. Kc3 b6 63. Bd6 Nxf3 64. Bc7 Ne5 65. Bxb6
Nd7 66. Bc7 Ke4 67. Bd6 Ke3 68. Be7 f3 69. Bg5+ Ke2 70. Bh4 f2 71. Bxf2 Kxf2
72. Kd3 Kf3 0-1

[Event "14. Sparkassen Open 2015 - Gruppe B"]
[Site "Forchheim"]
[Date "2015.10.03"]
[Round "2.4"]
[White "von der Linden, Armin"]
[Black "Krastev, Alexander"]
[Result "1/2-1/2"]
[WhiteElo "1985"]
[BlackElo "1858"]
[PlyCount "48"]
[EventDate "2015.??.??"]
[WhiteTeam "SF Zeiler Turm"]
[BlackTeam "Biebertaler SF"]

1. d4 Nf6 2. c4 c5 3. Nf3 g6 4. b3 Bg7 5. Bb2 cxd4 6. Nxd4 O-O 7. Nd2 d6 8. e4
Nbd7 9. Be2 Nc5 10. Qc2 a5 11. O-O Bd7 12. a4 Bc6 13. Bf3 Nfd7 14. Nxc6 bxc6
15. Bxg7 Kxg7 16. Qc3+ Ne5 17. Be2 Kg8 18. f4 Ned7 19. Rab1 Qb6 20. Kh1 Ne6 21.
Bd3 Nd4 22. Nf3 c5 23. e5 Rab8 24. exd6 Qxd6 1/2-1/2

[Event "14. Sparkassen Open 2015 - Gruppe B"]
[Site "Forchheim"]
[Date "2015.10.03"]
[Round "2.5"]
[White "Thürauf, Peter"]
[Black "Wagner, Robert"]
[Result "0-1"]
[WhiteElo "1835"]
[BlackElo "1868"]
[PlyCount "64"]
[EventDate "2015.??.??"]
[WhiteTeam "SW Nürnberg Süd"]
[BlackTeam "SC Forchheim"]

1. d4 d5 2. Nf3 c6 3. c4 Nf6 4. cxd5 cxd5 5. Nc3 Nc6 6. Bf4 e6 7. e3 Bd6 8.
Bxd6 Qxd6 9. Bd3 O-O 10. O-O e5 11. Nb5 Qe7 12. dxe5 Nxe5 13. Nxe5 Qxe5 14. Nd4
Ng4 15. g3 Qh5 16. Nf3 Be6 17. Be2 Rac8 18. Nh4 g5 19. h3 gxh4 20. hxg4 Qh6 21.
gxh4 f5 22. h5 fxg4 23. Bxg4 Rc4 24. f4 Kh8 25. Bxe6 Qxe6 26. Qf3 Re4 27. Rae1
d4 28. f5 Rg8+ 29. Kf2 Qe5 30. Rh1 dxe3+ 31. Rxe3 Rxe3 32. Qxe3 Rg2+ 0-1

[Event "14. Sparkassen Open 2015 - Gruppe B"]
[Site "Forchheim"]
[Date "2015.10.03"]
[Round "2.6"]
[White "Lais, Thomas"]
[Black "Gebhardt, Christian"]
[Result "0-1"]
[WhiteElo "1942"]
[BlackElo "1897"]
[PlyCount "68"]
[EventDate "2015.??.??"]
[WhiteTeam "SW Nürnberg Süd"]
[BlackTeam "SV Seubelsdorf"]

1. e4 e6 2. d4 d5 3. Nc3 Bb4 4. Nge2 dxe4 5. a3 Be7 6. Nxe4 Nd7 7. Bf4 Ngf6 8.
Qd3 Nxe4 9. Qxe4 Nf6 10. Qf3 c5 11. O-O-O Qb6 12. Be5 O-O 13. Nc3 cxd4 14. Bxd4
Qa5 15. Re1 Rd8 16. Be5 Bd7 17. Bd3 Bc6 18. Qg3 Rac8 19. Rhg1 b5 20. Qh4 h6 21.
g4 b4 22. axb4 Qa1+ 23. Kd2 Ne4+ 24. Nxe4 Qxe1+ 25. Kxe1 Bxh4 26. g5 Rxd3 27.
cxd3 Bxe4 28. Rg4 Bxd3 29. Rxh4 hxg5 30. Rd4 Bb5 31. Kd2 f6 32. Bg3 Kf7 33. h4
gxh4 34. Rxh4 Ba4 0-1

[Event "14. Sparkassen Open 2015 - Gruppe B"]
[Site "Forchheim"]
[Date "2015.10.03"]
[Round "2.7"]
[White "Reuter, Roland"]
[Black "Balhar, Michael"]
[Result "1/2-1/2"]
[WhiteElo "2000"]
[BlackElo "1794"]
[PlyCount "69"]
[EventDate "2015.??.??"]
[WhiteTeam "SK Schwabach"]
[BlackTeam "SC Erlangen"]

1. e4 e5 2. Bc4 Bc5 3. Nf3 d6 4. Nc3 a6 5. a3 Nf6 6. d3 Nc6 7. h3 h6 8. Be3 Ba7
9. Qd2 Qe7 10. O-O Be6 11. Bd5 Nd8 12. Bxa7 Rxa7 13. d4 O-O 14. dxe5 dxe5 15.
Qe3 Ra8 16. Nxe5 Nxd5 17. exd5 Bf5 18. Nd3 Qd6 19. Rfe1 c6 20. Qf3 Bg6 21. Rad1
cxd5 22. Nxd5 Ne6 23. N3f4 Ng5 24. Qb3 Qc5 25. Nxg6 fxg6 26. Re3 Kh8 27. Qd3
Rad8 28. c4 b5 29. Qxg6 bxc4 30. Nc3 Rxd1+ 31. Nxd1 Qd4 32. Nc3 Qd2 33. Re2
Qc1+ 34. Kh2 Qf4+ 35. Kg1 1/2-1/2

[Event "14. Sparkassen Open 2015 - Gruppe B"]
[Site "Forchheim"]
[Date "2015.10.03"]
[Round "2.8"]
[White "Faralisz, Patrick"]
[Black "Adler, Herbert"]
[Result "1-0"]
[WhiteElo "1641"]
[BlackElo "2001"]
[PlyCount "39"]
[EventDate "2015.??.??"]
[WhiteTeam "SC Noris-Tarrasch Nürnberg"]
[BlackTeam "SG Büchenbach/Roth"]

1. e4 e6 2. d4 d5 3. Nd2 c5 4. exd5 Qxd5 5. Ngf3 cxd4 6. Bc4 Qd6 7. Nb3 Nc6 8.
O-O g6 9. Nbxd4 Nxd4 10. Qxd4 Qxd4 11. Nxd4 Bd7 12. Bf4 Bg7 13. Nb5 Bxb5 14.
Bxb5+ Ke7 15. Rad1 Bxb2 16. Rd7+ Kf6 17. Rb1 Ba3 18. Rb3 Bc5 19. Rf3 b6 20.
Bh6+ 1-0

[Event "14. Sparkassen Open 2015 - Gruppe B"]
[Site "Forchheim"]
[Date "2015.10.03"]
[Round "2.9"]
[White "Adelhütte, Dennis"]
[Black "Rummel, Gerald"]
[Result "1-0"]
[WhiteElo "1962"]
[BlackElo "1780"]
[PlyCount "79"]
[EventDate "2015.??.??"]
[WhiteTeam "SC  JÄKLECHEMIE"]
[BlackTeam "SC Anderssen"]

1. e4 e6 2. d4 d5 3. Nd2 a6 4. Bd3 c5 5. exd5 exd5 6. Qe2+ Be6 7. f4 g6 8. dxc5
Bxc5 9. Ngf3 Qe7 10. Nb3 Ba7 11. Bd2 Nd7 12. Bc3 Ngf6 13. O-O-O O-O-O 14. g4
Nxg4 15. Bxh8 Rxh8 16. Nfd4 Re8 17. Rde1 Nc5 18. Qf3 Nxb3+ 19. Nxb3 Nf2 20.
Rhf1 Nxd3+ 21. Qxd3 Qf6 22. Re5 Kb8 23. Nd4 Rc8 24. Nxe6 fxe6 25. Kb1 Rc6 26.
c3 Bb6 27. Qg3 Bc7 28. Re2 h6 29. Ref2 Bb6 30. Rg2 e5 31. Qd3 exf4 32. Qxd5 Rd6
33. Qf3 g5 34. h4 Qf5+ 35. Ka1 Rd3 36. Qg4 Qd5 37. a3 f3 38. Rg3 f2 39. c4 Rxg3
40. Qxg3+ 1-0